书目信息 |
| 题名: |
普通化学
|
|
| 作者: | ;高等工业学校普通化学编写组 编 | |
| 分册: | 下册 | |
| 出版信息: | 北京 人民教育出版社 1956 |
|
| 页数: | 239-418页 | |
| 开本: | 20cm | |
| 丛书名: | ||
| 单 册: | ||
| 中图分类: | O6 | |
| 科图分类: | ||
| 主题词: | 化学 | |
| 电子资源: | ||
| ISBN: | ||
| 000 | 00750nam0 2200241 450 | |
| 001 | 0636858624 | |
| 005 | 20060524154229.28 | |
| 010 | @dCNY0.60 | |
| 091 | @aK13010.197 | |
| 100 | @a20060421d1956 km y0chiy0120 ea | |
| 101 | 0 | @achi |
| 102 | @aCN@b110000 | |
| 102 | @aCN@b110000 | |
| 200 | 1 | @a普通化学@Apu tong hua xue@e初稿@h下册@f高等工业学校普通化学编写组编@Fgao deng gong ye xue xiao pu tong hua xue bian xie zu bian |
| 210 | @a北京@c人民教育出版社@d1956 | |
| 215 | @a239-418页@d20cm | |
| 300 | @a高等学校教学用书 | |
| 517 | 1 | @a初稿@Achu gao |
| 606 | 0 | @a化学 |
| 690 | @aO6@v3 | |
| 711 | 0 | @a高等工业学校普通化学编写组@Agao deng gong ye xue xiao pu tong hua xue bian xie zu@4编 |
| 801 | 0 | @aCN@bPFT@c20060524 |
| 905 | @a10447@dO6@e10:2 | |
| 普通化学:初稿.下册/高等工业学校普通化学编写组编.-北京:人民教育出版社,1956 |
| 239-418页;20cm |
| 高等学校教学用书 |
| ISBN :CNY0.60 |
| ● |
| 相关链接 |
|
|
|
|
正题名:普通化学
索取号:O6/10:2
 
预约/预借
| 序号 | 登录号 | 条形码 | 馆藏地/架位号 | 状态 | 备注 |
| 1 | 0011506 | 202338014 | 密集书库/ [索取号:O6/10:2] | 在馆 | |
| 2 | 0011507 | 202338238 | 密集书库/ [索取号:O6/10:2] | 在馆 | |
| 3 | 0011508 | 202279300 | 密集书库/ [索取号:O6/10:2] | 在馆 | |
| 4 | 0011516 | 202279408 | 密集书库/ [索取号:O6/10:2] | 在馆 | |
| 5 | 0011518 | 202263120 | 密集书库/ [索取号:O6/10:2] | 在馆 | |
| 6 | 0011519 | 202338032 | 密集书库/ [索取号:O6/10:2] | 在馆 | |
| 7 | 0011520 | 202379130 | 密集书库/ [索取号:O6/10:2] | 在馆 | |
| 8 | 0011521 | 202263166 | 密集书库/ [索取号:O6/10:2] | 在馆 | |
| 9 | 0011522 | 202279373 | 密集书库/ [索取号:O6/10:2] | 在馆 | |
| 10 | 0011524 | 202377454 | 密集书库/ [索取号:O6/10:2] | 在馆 | |
| 11 | 0011525 | 202263086 | 密集书库/ [索取号:O6/10:2] | 在馆 | |
| 12 | 0011526 | 202263040 | 密集书库/ [索取号:O6/10:2] | 在馆 | |
| 13 | 0011527 | 202279453 | 密集书库/ [索取号:O6/10:2] | 在馆 | |
| 14 | 0011528 | 202279480 | 密集书库/ [索取号:O6/10:2] | 在馆 | |
| 15 | 0011529 | 202279523 | 密集书库/ [索取号:O6/10:2] | 在馆 | |
| 16 | 0011530 | 202377445 | 密集书库/ [索取号:O6/10:2] | 在馆 | |
| 17 | 0011531 | 202263558 | 密集书库/ [索取号:O6/10:2] | 在馆 | |
| 18 | 0011532 | 202263200 | 密集书库/ [索取号:O6/10:2] | 在馆 | |
| 19 | 0011533 | 202377837 | 密集书库/ [索取号:O6/10:2] | 在馆 | |
| 20 | 0011535 | 202279364 | 密集书库/ [索取号:O6/10:2] | 在馆 | |
| 21 | 0011537 | 202279444 | 密集书库/ [索取号:O6/10:2] | 在馆 | |
| 22 | 0011538 | 202377757 | 密集书库/ [索取号:O6/10:2] | 在馆 | |
| 23 | 0011540 | 202279417 | 密集书库/ [索取号:O6/10:2] | 在馆 |